| 000 | 00553 a2200193 4500 | ||
|---|---|---|---|
| 005 | 20240506101859.0 | ||
| 010 | _aB-758864 | ||
| 020 |
_a8173044740 _c700.00 |
||
| 035 | _aB-758864 | ||
| 037 | _bGift/Unesco | ||
| 082 | _a305.231 | ||
| 100 |
_aBose, A.B. _965688 |
||
| 245 |
_aThe State of Children in India/ _bA.B. Bose |
||
| 260 |
_aNew Delhi _bManohar _c2003 |
||
| 270 | _aNew Delhi | ||
| 300 |
_a337 p.; _c22cm. (Hb) _bIndex |
||
| 942 |
_adpl _cEN _2ddc _h305.231 _mBOS |
||
| 999 |
_c202671 _d202671 |
||